|
|
|
|
| LEADER |
00935nab a2200253 i 4500 |
| 001 |
misc61755 |
| 005 |
20230112135508.0 |
| 008 |
220609s1961 hu o 0|| fre d |
| 022 |
|
|
|a 1216-8076
|
| 040 |
|
|
|a SZTE Miscellanea Repozitórium
|b hun
|
| 041 |
|
|
|a fre
|
| 041 |
|
|
|a rus
|
| 100 |
1 |
|
|a Ligeti Lajos
|
| 245 |
1 |
2 |
|a A propos des éléments "altaïques" de la langue hongroise
|h [elektronikus dokumentum] /
|c Ligeti Lajos
|
| 260 |
|
|
|c 1961
|
| 300 |
|
|
|a 15-42
|c 24 cm
|
| 300 |
|
|
|a [28] p.
|c 24 cm
|
| 490 |
0 |
|
|a Acta Linguistica Academiae Scientiarum Hungaricae;Acta linguistica Hungarica : an international journal of linguistics
|
| 561 |
|
|
|a Németh Gyula hagyaték
|
| 591 |
|
|
|a LOA 2200; NOA 3237; NOA 3238; NOA 3239
|
| 650 |
|
4 |
|a Bölcsészettudományok
|
| 650 |
|
4 |
|a Nyelvek és irodalom
|
| 695 |
|
|
|a Magyar nyelv - altaji jövevényszavak
|
| 856 |
4 |
0 |
|u http://misc.bibl.u-szeged.hu/61755/1/3237_noa_l66.pdf
|z Dokumentum-elérés
|